| 000 | 01940cam a2200469 i 4500 | ||
|---|---|---|---|
| 001 | xx004858762 | ||
| 003 | NUKAT | ||
| 005 | 20260430132433.0 | ||
| 008 | 200512s2019 pl a |000 0 pol c | ||
| 020 |
_a9788380987999 _q(oprawa miękka) |
||
| 035 | _a(OCoLC)1156657251 | ||
| 035 | _a(NUKAT)xx004858762 | ||
| 040 |
_aWR U/brk _bpol _erda _cWR U/brks _dWR U/hb _dWA 14/ABs |
||
| 045 | 2 |
_bd1939 _bd1945 |
|
| 046 | _k2019 | ||
| 100 | 1 |
_aTrepka, Tomasz _d(1987- ). _eAutor _941040 |
|
| 245 | 1 | 0 |
_aOcalić od zapomnienia : _bKielecczyzna 1939-1945 / _cTomasz Trepka, Michał Zawisza ; Instytut Pamięci Narodowej. Komisja Ścigania Zbrodni przeciwko Narodowi Polskiemu. |
| 246 | 3 | 0 | _aKielecczyzna 1939-1945 |
| 260 |
_aWarszawa : _bInstytut Pamięci Narodowej. Komisja Ścigania Zbrodni przeciwko Narodowi Polskiemu, _c2019. |
||
| 300 |
_a72 strony, [8] stron tablic kolorowych ; _c21 cm. |
||
| 336 |
_aTekst _btxt _2rdacontent |
||
| 337 |
_aBez urządzenia pośredniczącego _bn _2rdamedia |
||
| 338 |
_aWolumin _bnc _2rdacarrier |
||
| 380 | _aKsiążki | ||
| 380 | _aPublikacje popularnonaukowe | ||
| 388 | 1 | _a2001- | |
| 504 | _aBibliografia na stronach 67-68. | ||
| 648 | 7 |
_a1901-2000 _2DBN _934996 |
|
| 648 | 7 |
_a1939-1945 _2DBN _936042 |
|
| 650 | 7 |
_aII wojna światowa (1939-1945) _2DBN _935099 |
|
| 650 | 7 |
_aMiejsca pamięci _2DBN _936927 |
|
| 650 | 7 |
_aWojna światowa (1939-1945) _zPolska _zKielce (region). _2kaba _941041 |
|
| 651 | 7 |
_aKielce (woj. świętokrzyskie ; okolice) _2DBN _941038 |
|
| 651 | 7 |
_aKielce (Polska ; region) _y1900-1945. _2kaba _941042 |
|
| 655 | 7 |
_aOpracowanie _2DBN _935024 |
|
| 658 | _aBezpieczeństwo i wojskowość | ||
| 658 | _aHistoria | ||
| 700 | 1 |
_aZawisza, Michał. _eAutor _918360 |
|
| 710 | 2 |
_aInstytut Pamięci Narodowej - Komisja Ścigania Zbrodni przeciwko Narodowi Polskiemu. _eInstytucja sprawcza _eWydawca _4pbl _911792 |
|
| 920 | _a978-83-8098-799-9 (oprawa miękka) | ||
| 942 |
_2ddc _cBK_NM |
||
| 999 |
_c27904 _d27904 |
||